Normal view
MARC view
- قدوري، حسين
Entry Personal Name
001 - CONTROL NUMBER
- control field: 52613
003 - CONTROL NUMBER IDENTIFIER
- control field: JO-AjAnu
005 - DATE AND TIME OF LATEST TRANSACTION
- control field: 20230606082640.0
008 - FIXED-LENGTH DATA ELEMENTS
- fixed length control field: 230606|| aca||aabn | a|a d
040 ## - CATALOGING SOURCE
- Original cataloging agency: JO-AjAnu
- Transcribing agency: JO-AjAnu
100 ## - HEADING--PERSONAL NAME
- Personal name: قدوري، حسين
670 ## - SOURCE DATA FOUND
- Source citation: Work cat.: (JO-AjAnu)26885: قدوري، حسين, author, التربية الموسيقية للاطفال: مرحلة الدراسة الابتدائية